000
00337 a2200157 4500
001
161893
020
_a
84-87099-11-4
040
_c
Magnum
100
_a
Sans, Neus
240
1
0
_a
La llamada de la habana
_l
ESP
245
1
0
_a
La llamada de la habana
300
_a
44
362
0
_a
1998
697
_a
LITERATURA ESPANHOLA
942
_c
BK
999
_c
161893
_d
161893